header

Formulaic sequences (Record no. 168971)

MARC details
000 -LEADER
fixed length control field 01352nam a2200337Ia 4500
082 04 - DEWEY DECIMAL CLASSIFICATION NUMBER
Classification number 407
245 00 - TITLE STATEMENT
Title Formulaic sequences
260 ## - PUBLICATION, DISTRIBUTION, ETC. (IMPRINT)
Place of publication Amsterdam ;
-- Philadelphia :
Name of publisher J. Benjamins,
Year of publication 2004.
300 ## - PHYSICAL DESCRIPTION
Number of Pages ix, 303 p.
490 1# - SERIES STATEMENT
Series statement Language learning and language teaching,
650 #0 - SUBJECT ADDED ENTRY--TOPICAL TERM
Topical Term Language and languages
Topical Term Lexicology.
Topical Term Pattern perception.
700 1# - ADDED ENTRY--PERSONAL NAME
Personal name Schmitt, Norbert,
856 40 - ELECTRONIC LOCATION AND ACCESS
Uniform Resource Identifier http://site.ebrary.com/lib/rucke/Doc?id=10052865

No items available.

© 2026 Rongo University
Contact us: librarian | system librarian | Rongo university